Power Electronic (Record no. 4975)

MARC details
000 -LEADER
fixed length control field 00401nam a22001697a 4500
005 - DATE AND TIME OF LATEST TRANSACTION
control field 20160630160247.0
008 - FIXED-LENGTH DATA ELEMENTS--GENERAL INFORMATION
fixed length control field 160630b xxu||||| |||| 00| 0 eng d
020 ## - INTERNATIONAL STANDARD BOOK NUMBER
ISBN 978-81-7409-279-3
041 ## - LANGUAGE CODE
Language code of text/sound track or separate title eng
082 ## - DEWEY DECIMAL CLASSIFICATION NUMBER
Item number 20099
100 ## - MAIN ENTRY--AUTHOR NAME
Personal name Bimbhra Dr PS
245 ## - TITLE STATEMENT
Title Power Electronic
260 ## - PUBLICATION, DISTRIBUTION, ETC. (IMPRINT)
Name of publisher Khanna Publication
Year of publication 2014
300 ## - PHYSICAL DESCRIPTION
Number of Pages 894
650 ## - SUBJECT ADDED ENTRY--TOPICAL TERM
Topical Term Diploma Engineering
942 ## - ADDED ENTRY ELEMENTS (KOHA)
Koha item type Books
Holdings
Lost status Damaged status Home library Date acquired Cost, normal purchase price Full call number Accession Number Koha item type Current library Shelving location Collection code
    JRU Library 30/06/2016 425.00 20099 20099 Books      
    JRU Library 30/06/2016 425.00 20099 20100 Books   SHELF-37-C  
    JRU Library 30/06/2016 425.00 20099 20101 Books   SHELF-37-C  
    JRU Library 30/06/2016 425.00 20099 20102 Books   SHELF-37-C  
    JRU Library 30/06/2016 425.00 20099 20103 Books   SHELF-37-C  
    JRU Library 30/06/2016 425.00 20099 20104 Books   SHELF-37-C  
    JRU Library 30/06/2016 425.00 20099 20105 Books      
    JRU Library 30/06/2016 425.00 20099 20106 Books   SHELF-72-D Reference
    JRU Library 30/06/2016 425.00 20099 20107 Books   SHELF-37-C  
    JRU Library 30/06/2016 425.00 20099 20108 Books      
    JRU Library 30/06/2016 425.00 20099 20109 Books   SHELF-37-C  
    JRU Library 30/06/2016 425.00 20099 20110 Books   SHELF-37-C  
    JRU Library 30/06/2016 425.00 20099 20111 Books      
    JRU Library 30/06/2016 425.00 20099 20112 Books JRU Library    
    JRU Library 30/06/2016 425.00 20099 20113 Books   SHELF-37-C